Salta al contenuto

Занимательный татарский язык учебно-методическое пособие

Включает в себя теоретический материал, практические задания разного уровня сложности и тексты для самостоятельной работы. В конце пособия приведен словарь терминов...

Descrizione completa

Salvato in:
Dettagli Bibliografici
Autore principale: Хуснетдинов Р. М.
Altri autori: Вьюгина С. В.
Natura: Книга
Lingua:Russian
Pubblicazione: Казань КНИТУ 2020
Soggetti:
Accesso online:https://e.lanbook.com/book/244721
https://e.lanbook.com/img/cover/book/244721.jpg
Tags: Aggiungi Tag
Nessun Tag, puoi essere il primo ad aggiungerne! !
LEADER 01562nam0a2200325 i 4500
001 244721
003 RuSpLAN
005 20221220174158.0
008 221220s2020 ru gs 000 0 rus
020 |a 978-5-7882-2857-0 
040 |a RuSpLAN 
041 0 |a rus 
044 |a ru 
080 |a 811.512.145 (075) 
084 |a Ш163.23я7  |2 rubbk 
245 0 0 |a Занимательный татарский язык  |b учебно-методическое пособие  |c Хуснетдинов Р. М.,Вьюгина С. В. 
260 |a Казань  |b КНИТУ  |c 2020 
300 |a 252 с. 
504 |a Библиогр.: доступна в карточке книги, на сайте ЭБС Лань 
520 8 |a Включает в себя теоретический материал, практические задания разного уровня сложности и тексты для самостоятельной работы. В конце пособия приведен словарь терминов 
521 8 |a Книга из коллекции КНИТУ - Языкознание и литературоведение 
653 0 |a языкознание 
653 0 |a татарский язык 
653 0 |a тюркские языки 
653 0 |a алтайские языки 
100 1 |a Хуснетдинов Р. М. 
700 1 |a Вьюгина С. В. 
856 4 |u https://e.lanbook.com/book/244721 
856 4 8 |u https://e.lanbook.com/img/cover/book/244721.jpg 
953 |a https://e.lanbook.com/img/cover/book/244721.jpg 
Cannot write session to /tmp/vufind_sessions/sess_g5b8k6pcenvefhftledr91e7dc